EFL Championship Play-Off Winners - Statistics

General Stats
  • This quiz has been taken 119 times
  • The average score is 17 of 31
Answer Stats
Year Team % Correct
2008 Hull City
74%
2016 Hull City
74%
2017 Huddersfield Town
73%
2015 Norwich City
72%
2005 West Ham United
69%
2012 West Ham United
69%
1989 Crystal Palace
64%
1997 Crystal Palace
64%
2004 Crystal Palace
64%
2013 Crystal Palace
64%
2010 Blackpool
62%
1990 Sunderland*
61%
1999 Watford
60%
2006 Watford
60%
2003 Wolverhampton Wanderers
59%
2014 Queens Park Rangers
58%
1995 Bolton Wanderers
56%
2001 Bolton Wanderers
56%
2007 Derby County
55%
2000 Ipswich Town
53%
1994 Leicester City
53%
1996 Leicester City
53%
2011 Swansea City
53%
2002 Birmingham City
52%
1992 Blackburn Rovers
51%
2009 Burnley
48%
1988 Middlesbrough
39%
1987 Charlton Athletic
38%
1998 Charlton Athletic
38%
1993 Swindon Town
33%
1991 Notts County
6%
No matching quizzes found
Score Distribution
Percent of People with Each Score
Percentile by Number Answered
Your Score History
You have not taken this quiz